000 00670nam a2200217 i 4500
001 100764
003 ES-MaACL
005 20230906182737.0
007 t|
008 051005s1980 sp ||||1| spa d
100 1 _aMathiev, Vittorio.
_979052
245 1 0 _aTemas y problemas de la filosofía actual /
_cVittorio Mathiev; prólogo de José Adolfo Arias Muñoz.
260 _aMadrid :
_bRialp,
_c1980.
300 _a309 p. ;
_c19 cm.
490 1 _aBolsillo Rialp
650 0 4 _aFilosofía-
_yS.XX.
_912826
700 1 _aArias Muñoz, José Adolfo.
_922793
830 0 _aBolsillo Rialp
_9183623
852 _aES-MaACL
_jC-24911
_bR.100633
999 _c100764
_d100764